Assessment of Credit Risk Managemnt Practices on Organizational Performance: a Survey of Savings and Credit Co-operative Societies in Eldoret Town, Kenya (Record no. 216046)

MARC details
000 -LEADER
fixed length control field 00716nam a22001577a 4500
008 - FIXED-LENGTH DATA ELEMENTS--GENERAL INFORMATION
fixed length control field 250820b |||||||| |||| 00| 0 eng d
050 ## - LIBRARY OF CONGRESS CALL NUMBER
Classification number THE HG 1615 .K56 2015
Item number C.1
100 ## - MAIN ENTRY--PERSONAL NAME
Personal name Kimoi, Anthony
245 ## - TITLE STATEMENT
Title Assessment of Credit Risk Managemnt Practices on Organizational Performance: a Survey of Savings and Credit Co-operative Societies in Eldoret Town, Kenya
260 ## - PUBLICATION, DISTRIBUTION, ETC.
Place of publication, distribution, etc. Kisii
Name of publisher, distributor, etc. Kisii University
Date of publication, distribution, etc. 2015
300 ## - PHYSICAL DESCRIPTION
Extent xv, 82p.:ill.
500 ## - GENERAL NOTE
General note Includes bibliographical references
650 ## - SUBJECT ADDED ENTRY
Topical term or geographic name entry element 1. Credit risk—Kenya—Eldoret. 2. Risk management—Kenya. 3. Savings and credit cooperatives—Kenya—Eldoret. 4. Cooperative societies—Kenya—Performance.
942 ## - ADDED ENTRY ELEMENTS (KOHA)
Source of classification or shelving scheme Library of Congress Classification
Koha item type Reference
Holdings
Withdrawn status Lost status Source of classification or shelving scheme Damaged status Not for loan Collection Home library Current library Date acquired Inventory number Total checkouts Full call number Barcode Date last seen Copy number Price effective from Koha item type
    Library of Congress Classification     Special Research Kisii University Library Kisii University Library 08/20/2025 108050   THE HG 1615 .K56 2015 000000024829 08/20/2025 C.1 08/20/2025 Reference